Diskusia o energetickej politike SR
Z obsahu: Verejné pripomienkovanie energetickej politiky je svojím rozsahom prvé na Slovensku. Spotreba energie rastie aj v štátoch EÚ, tam ju však sprevádza pokles energetickej náročnosti. Energetická náročnosť slovenského priemyslu je deväťkrát vyššia ako v EÚ. Audit zahraničného úradu pre jadrovú...
Saved in:
| Main Author: | |
|---|---|
| Other Authors: | |
| Format: | Book Chapter |
| Language: | Slovak |
| Subjects: | |
| Tags: |
No Tags, Be the first to tag this record!
|
MARC
| LEADER | 00000naa a2200000 4500 | ||
|---|---|---|---|
| 001 | r036159 | ||
| 005 | 20230921103651.5 | ||
| 041 | 0 | |a slo | |
| 044 | |a SK | ||
| 245 | 1 | 0 | |a Diskusia o energetickej politike SR |c Jozef Vlha, Katarína Začková |
| 520 | |a Z obsahu: Verejné pripomienkovanie energetickej politiky je svojím rozsahom prvé na Slovensku. Spotreba energie rastie aj v štátoch EÚ, tam ju však sprevádza pokles energetickej náročnosti. Energetická náročnosť slovenského priemyslu je deväťkrát vyššia ako v EÚ. Audit zahraničného úradu pre jadrovú bezpečnosť o V-1 neexistuje. Po otvorení sa trhu s elektrickou energiou nastanú pre Mochovce ťažké časy. Koľko vlastne stáli prvé dva mochovské bloky. | ||
| 610 | 2 | 0 | |a energetika |
| 610 | 2 | 0 | |a spotreba energie |
| 610 | 2 | 0 | |a náročnosť výroby energetická |
| 610 | 2 | 0 | |a úspory energie |
| 610 | 2 | 0 | |a elektrárne atómové |
| 610 | 2 | 0 | |a priemysel |
| 610 | 2 | 0 | |a Slovensko |
| 610 | 2 | 0 | |a Európska únia |
| 100 | 1 | |a Vlha, Jozef | |
| 700 | 1 | |a Začková, Katarína | |